nato countries - Statistieken

Algemene statistieken
  • Deze quiz is 49 keer genomen
  • De gemiddelde score is 9 van 17
Answers on the Grid
Answers color-coded by a green-red scale on the quiz's grid according to % correct below.
nederland
servie
luxemburg
ijsland
oekraine
belarus
china
polen
litouwen
roemenie
griekenland
kazachstan
turkije
australie
india
belgie
duitsland
egypte
rusland
vk
canada
zwitserland
oostenrijk
slovenie
spanje
portugal
maroko
noorwegen
albanie
mexico
 
Antwoordstatistieken
Antwoord % Correct
nederland
95%
duitsland
68%
luxemburg
68%
canada
64%
litouwen
64%
polen
64%
belgie
55%
griekenland
55%
spanje
55%
ijsland
50%
vk
50%
portugal
45%
roemenie
45%
turkije
45%
noorwegen
41%
albanie
36%
slovenie
36%
Geen overeenkomende quizzen gevonden
Scoreverdeling
Procent van Mensen met Elke Score
Percentiel versus Aantal Correcte Antwoorden
Uw Scoregeschiedenis
U heeft deze quiz nog niet genomen